000
00205nam a2200085Ia 4500
008
120527s9999 xx 000 0 und d
100
_a
Kaufman, B.E
245
_a
The economics of labour markets.
942
_c
BK
999
_c
27046
_d
27046